00407nam a2200133Ia 4500008004100000082001400041100002600055245003900081260002000120600001200140942000700152952009700159999001700256241002s9999 xx 000 0 und d a921.5 ROU aRoussau, Jean Jacquer 4aThe Confessions of Jean J, Roussau aNew York:c1960 aHistory cUC 00104070aUITUbUITUd1994-01-01l0o921.5 ROUpUC355r2024-10-02 09:31:18w2024-10-02yUC c18682d18682